|
|
|
|
| LEADER |
00000nab a2200000 a 4500 |
| 001 |
vtls000765939 |
| 003 |
SK-MaSNL |
| 005 |
20260302153333.0 |
| 008 |
180206c2001 xo 0 slo |
| 015 |
|
|
|a SNBRB2001/08-24329
|
| 035 |
|
|
|a CLN000117726
|
| 040 |
|
|
|a SNKBUCL
|b slo
|c SNKBUCL
|e AACR2
|
| 041 |
0 |
|
|a slo
|
| 044 |
|
|
|a xo
|c SK
|
| 080 |
|
|
|a 232.92
|2 UDC-MRF-SK2
|
| 100 |
1 |
|
|a Garuti, Paolo
|4 aut
|9 848213
|
| 245 |
1 |
0 |
|a Ježišovo detstvo podľa Matúša a Lukáša
|c Paolo Garuti
|
| 600 |
0 |
7 |
|a Ježiš Kristus
|x detstvo
|x Evanjelium podľa Matúša
|x Evanjelium podľa Lukáša
|2 snkbucl
|9 848214
|
| 655 |
|
7 |
|a články z novín a časopisov
|2 snkbucl
|9 267496
|
| 773 |
0 |
|
|t Sväté písmo pre každého
|g Roč. 1, č. 7-8 (2001), s. 26-30
|
| 850 |
|
|
|a Slovenská národná knižnica v Martine
|
| 852 |
|
|
|a SNK
|b KIS3GCP
|
| 958 |
|
|
|a RBX
|
| 999 |
|
|
|c 1365113
|d 1367043
|